000 00411nam a22001697a 4500
003 OSt
020 _aNA
040 _c0
082 _222
_a005.05
100 _aGarfinkel, Simson ...[et al ].
245 _aPractical wnix and internet sercurty /
250 _a3rd
260 _bUSA, O' Reilly,
_cc 2003.
300 _aXXIX, 954p, ;
_bNA
_c24 cm.
700 _aSpafford, Gene and Schartz, aba.
942 _2ddc
_cIT
999 _c4643
_d4643